| 000 | 00495nam a2200205Ia 4500 | ||
|---|---|---|---|
| 003 | OSt | ||
| 005 | 20260216104246.0 | ||
| 008 | 250729s1988 xx 000 0 und d | ||
| 020 | _a978-0716721154 | ||
| 040 | _cAL | ||
| 041 | _aeng | ||
| 082 | _a510 FREI | ||
| 100 |
_aFreeman W H _9228992 |
||
| 245 | _aIntroduction to contemporary mathematics | ||
| 260 |
_aNew York _c1988 |
||
| 300 | _a450p | ||
| 650 |
_aMathematics _9228993 |
||
| 700 |
_aRao Digumurthi _9228994 |
||
| 942 |
_2ddc _cBED |
||
| 999 |
_c238183 _d238183 |
||